| 000 | 00603nam a2200217Ii 4500 | ||
|---|---|---|---|
| 003 | JO-AjNU | ||
| 008 | 230606s9999||||xx |||||||||||||| ||und|| | ||
| 020 | _a978-0-538-73564-3 | ||
| 040 |
_aJO-AjNU _beng _erda _cJO-AjNU |
||
| 041 | _aeng | ||
| 050 | 1 | 4 | _aQA297.B84.2001 |
| 100 | 3 |
_aBurden,Richard/Farires,Douglas, _eauthor _94921 |
|
| 245 | 0 | 0 | _aNumerical Analaysis |
| 250 | _a9 ed | ||
| 264 | 3 | 1 | _aAustralia:Thomson,2001 |
| 300 | _a872p | ||
| 336 |
_atext _btxt _2rdacontent |
||
| 337 |
_aunmediated _bn _2rdamedia |
||
| 338 |
_avolume _bnc _2rdacarrier |
||
| 650 | 4 |
_anumerical Analaysis _94922 |
|
| 999 |
_aE2546 _c2544 _d2544 |
||